|
|
|
|
| LEADER |
00903nab a2200241 i 4500 |
| 001 |
publ31473 |
| 005 |
20250213083105.0 |
| 008 |
250213s1999 hu o 000 hun d |
| 022 |
|
|
|a 0025-0295
|
| 024 |
7 |
|
|a 1532790
|2 mtmt
|
| 040 |
|
|
|a SZTE Publicatio Repozitórium
|b hun
|
| 041 |
|
|
|a hun
|
| 100 |
1 |
|
|a Oláh Tibor
|
| 245 |
1 |
2 |
|a A Valtrac biofragmentabilis anasztomózis gyűrűvel készített oesophagogastrikus anasztomózisok [Esophagogastric anastomosis with the Valtrac biofragmentable anastomosis ring]
|h [elektronikus dokumentum] /
|c Oláh Tibor
|
| 260 |
|
|
|c 1999
|
| 300 |
|
|
|a 129-132
|
| 490 |
0 |
|
|a MAGYAR SEBÉSZET
|v 52 No. 3
|
| 650 |
|
4 |
|a Klinikai orvostan
|
| 700 |
0 |
1 |
|a Szendrényi Vilmos
|e aut
|
| 700 |
0 |
1 |
|a Lázár György ifj
|e aut
|
| 700 |
0 |
1 |
|a Szentpáli Károly
|e aut
|
| 700 |
0 |
1 |
|a Balogh Ádám
|e aut
|
| 856 |
4 |
0 |
|u http://publicatio.bibl.u-szeged.hu/31473/1/aok_klny_428_99.pdf
|z Dokumentum-elérés
|